| 000 | 00483pab a2200145 454500 | ||
|---|---|---|---|
| 008 | 180718b2013 xxu||||| |||| 00| 0 eng d | ||
| 100 | _aKabra, Kamal Nayan | ||
| 245 | _aAdverse social inclusion: capturing some key aspects of the problematic of Third World development | ||
| 260 | _c2013 | ||
| 300 | _ap.5-24. | ||
| 362 | _aJan-Jun | ||
| 650 | _aEconomic and social development | ||
| 773 | _aJournal of Social and Economic Studies | ||
| 909 | _a110744 | ||
| 999 |
_c110739 _d110739 |
||